000 01394nam a2200301 a 4500
001 BRCA_4978
005 20190320204903.0
008 271010s1640----sp-######v---#000-0#spa-#
041 _aspa
044 _amx
084 _aDOC65
_b.D63
_c1640
245 1 0 _aDocumento firmado por el Rey [Felipe IV].
_c[Felipe IV].
260 _aMadrid
_c1640
300 _a[2] fojas
_c31 x 21 cm.
500 _aDocumento firmado el 6 de julio de 1640.
500 _aDocumento dirigido al Corregidor de Cuenca o a su Lugarteniente Rodríguez Quindal y otros, que vayan a la ciudad de Huch y les den la posición de nueve oficios de jurados perpetuos de aquella ciudad en lugar de los 6 que han sido anuales.
500 _a[Real Cédula] Firmada como ´Yo el Rey´.
500 _aContiene la leyenda DOC.# 75.
500 _aPapel con marca de agua.
500 _aEstado de conservaciòn: dobleces y roturas en los cuatro márgenes, manchas de acides por tinta.
506 0 _aFondo Reservado. Para su consulta es necesario credencial de usuario y carta de motivos.
546 _aTexto en: español de mediados del siglo XVII.
600 1 4 _aFelipe,
_bIV,
_cRey de España,
_d1605-1665
_xHistoria
_912671
650 1 4 _aDocumentos legales
_xHistoria
_yCasa de Austria, 1521-1700
_zEspaña
_912672
651 4 _aMéxico
_xHistoria
_yColonia, 1521-1821
_zManuscritos
_912673
902 _aFDH
942 _2lcc
_cD
999 _c4672
_d4672